00896nam a2200193 a 450000100100000000500170001000800410002704000250006808200160009324500470010924600550015626000840021130000270029504900090032295201200033195201140045195201200056599900170068500003120320200930062754.0110614s2003 dr 000 0 eng d aDO-SdBNPbengcBNPHU axxxxbT727l00aTourism legal guide :bDominican Republic.04aTourism in the Dominican Republic :ba legal guide aSanto Domingo :bSecretariat of State of Tourism :bPellerano & Herrera,c2003. a74 p. :bil. ;c29 cm. aBNPD 0010718DSaGRbGRcCTd2011-06-17iLF1l0oxxxx T727lp31203-30r2020-06-25te. 3w2020-06-25yLFDSZNo se presta 0010718PDaPDbPDcCTd2011-06-14iLF1l0oxxxx T727lp31203-10r2020-06-25w2020-06-25yLFPDZNo se presta 0010718PDaPDbPDcCTd2011-06-17iLF1l0oxxxx T727lp31203-20r2020-06-25te. 2w2020-06-25yLFPDZNo se presta c30695d30695